000 00368cam a2200169 4500
001 D11917
008 090401t1914 xxu||||| |||| 00| 0 eng d
035 _a(Sirsi) u258
041 _aeng
100 _aAdkin, B. W.
245 4 _aThe law of forestry
260 _bEstates Gazette
_c1914
350 _a0
520 _aShelf 113
942 _n0
948 _c04/03/1997
999 _c85508
_d85508